Paul Dirac: the man and his work
Gespeichert in:
| Hauptverfasser: | , , , |
|---|---|
| Format: | Buch |
| Sprache: | Englisch |
| Veröffentlicht: |
Cambridge
Cambridge University
1998
|
| Schlagworte: | |
| Tags: |
Tag hinzufügen
Keine Tags, Fügen Sie den ersten Tag hinzu!
|
MARC
| LEADER | 00000nam a2200000 a 4500 | ||
|---|---|---|---|
| 001 | UCR7053 | ||
| 003 | CL-VaPUC | ||
| 005 | 20230118165236.0 | ||
| 008 | 980430e19980000uk |||||||||||||||||eng|d | ||
| 999 | |c 268907 |d 268905 | ||
| 040 | |c Pontificia Universidad Católica de Valparaíso | ||
| 082 | 0 | 4 | |a 530.092 |b PAI |2 21 |
| 100 | |a Pais, Abraham |e author |9 535399 | ||
| 245 | 1 | 0 | |a Paul Dirac: the man and his work |
| 260 | |a Cambridge |b Cambridge University |c 1998 | ||
| 300 | |a 124 p | ||
| 583 | |a last modification |c 20130806 06:26:52 |k Rodrigo Vera | ||
| 600 | |a Dirac, Paul Adrien Maurice |d 1902-1984 |x Biografías |9 879977 | ||
| 650 | 7 | |a FISICOS |2 CL-VaPUC |9 263707 | |
| 700 | 0 | |a Jacob, Maurice |e author |9 408328 | |
| 700 | 0 | |a Olive, David I |e author |9 408329 | |
| 700 | 0 | |a Atiyah, Michael F |e author |9 408330 | |
| 942 | |c BK |2 ddc | ||
| 945 | |d 19980430 00:00:00 |a rbrito | ||
| 952 | |0 0 |1 0 |4 0 |6 530_092000000000000_PAI_1998 |7 0 |8 A |9 302374 |a BIBCUR |b BIBCUR |d 2019-11-20 |i 3422739 |o 530.092 PAI 1998 |p 3422739 |r 2025-04-22 |w 2019-11-20 |y BK |k FIS | ||